000 00396nam a2200169Ia 4500
008 230524s9999 xx 000 0 und d
020 _a8174092153
082 _a621.3804
_bBIM
100 _aP.S.Bimbhra
245 0 _aPower Electronics
250 _a3TRD
260 _aNEW DELHI
_bKhanna
_c2005
300 _aXXI;581
500 _aQuantity Number: 102
650 _aElectrical
942 _cBK
999 _c32475
_d32475